000 00785nam a22001577a 4500
999 _c520038
_d520038
008 220606b ||||| |||| 00| 0 eng d
100 _aKarmakar, Debapriya and Roychowdhury, Koel
_933386
245 _aRoad traffic accident analysis: A case study of Kolkata municipal corporation
260 _aUrban India
300 _a41(2), Jul-Dec, 2021: p.121-138
520 _aRoad traffic accidents (RTA) are one of the most common causes of deaths and disables in the world. Kolkata ranks significantly high in the list of the most accident grone cities of the country. – Reproduced
650 _aRoad traffic accident (RTA), Weighted seventy index (WSI), Skewed road curvatures, Stopping sight distance (SSD).
_931504
773 _aUrban India
906 _aROADS
942 _cAR